000 00629nam a2200265Ia 4500
005 20260121171115.0
008 008 260114s9999 xx 000 0 eng d
020 _a9783319990828
037 _aEBOOK
040 _aCRL
040 _beng
040 _cCRL
041 _2eng
041 _aeng
084 _qCRL
100 _aHarm J. Habing
_91072103
245 4 _aThe Birth of Modern Astronomy
260 _bSpringer
260 _bSpringer
260 _c2018
856 _uhttps://link.springer.com/openurl?genre=book&isbn=978-3-319-99082-8
942 _cEBOOK
999 _c1637833
_d1637833